书目信息 |
| 题名: |
洛杉矶雾霾启示录
|
|
| 作者: | 雅各布斯 , 凯利 著 ;曹军骥 译 | |
| 分册: | ||
| 出版信息: | 上海 上海科学技术出版社 2014 |
|
| 页数: | 272页 | |
| 开本: | 24cm | |
| 丛书名: | ||
| 单 册: | ||
| 中图分类: | X515 | |
| 科图分类: | ||
| 主题词: | 光化学烟雾--污染防治--美国 , 光化学烟雾 , 污染防治 | |
| 电子资源: | ||
| ISBN: | 978-7-5478-2146-6 | |
| 000 | 01199nam0 2200301 450 | |
| 001 | 007102462 | |
| 005 | 20140611150950.59 | |
| 010 | @a978-7-5478-2146-6@dCNY38.00 | |
| 100 | @a20140416d2014 em y0chiy50 ea | |
| 101 | 1 | @achi@ceng |
| 102 | @aCN@b310000 | |
| 105 | @aa z 000yy | |
| 106 | @ar | |
| 200 | 1 | @a洛杉矶雾霾启示录@9luo shan ji wu mai qi shi lu@f(美)奇普·雅各布斯,(美)威廉·凯利著@g曹军骥等译 |
| 210 | @a上海@c上海科学技术出版社@d2014 | |
| 215 | @a272页@c图@d24cm | |
| 312 | @a书名原文:Smogtown: the lung-burning history of pollution in Los Angeles | |
| 330 | @a本书描述了美国洛杉矶市60多年来光化学烟雾污染的形成、发展和治理等历史细节。作者刻画了当时的众生相,及该事件对美国污染治理进程的促进作用和对当前全球各国绿色环保发展所产生的影响。 | |
| 510 | 1 | @aSmogtown: the lung-burning history of pollution in Los Angeles@zeng |
| 606 | 0 | @a光化学烟雾@x污染防治@y美国 |
| 606 | 0 | @a光化学烟雾 |
| 606 | 0 | @a污染防治 |
| 690 | @aX515@v5 | |
| 701 | 0 | @c(美)@a雅各布斯@9ya ge bu si@c(Jacobs, Chip)@4著 |
| 701 | 0 | @c(美)@a凯利@9kai li@c(Kelly, William J. )@4著 |
| 702 | 0 | @a曹军骥@9cao jun ji@f(1971-)@4译 |
| 801 | 0 | @aCN@bNLC@c20140429 |
| 905 | @b548935-37@dX515@e126@f3 | |
| 洛杉矶雾霾启示录/(美)奇普·雅各布斯,(美)威廉·凯利著/曹军骥等译.-上海:上海科学技术出版社,2014 |
| 272页:图;24cm |
| ISBN 978-7-5478-2146-6:CNY38.00 |
| 本书描述了美国洛杉矶市60多年来光化学烟雾污染的形成、发展和治理等历史细节。作者刻画了当时的众生相,及该事件对美国污染治理进程的促进作用和对当前全球各国绿色环保发展所产生的影响。 |
| ● |
| 相关链接 |
|
|
|
|
正题名:洛杉矶雾霾启示录
索取号:X515/126
 
预约/预借
| 序号 | 登录号 | 条形码 | 馆藏地/架位号 | 状态 | 备注 |
| 1 | 548935 | 205489354 | 第二样本阅览室/ [索取号:X515/126] | 在馆 | |
| 2 | 548936 | 205489363 | 第三借阅区/ [索取号:X515/126] | 在馆 | |
| 3 | 548937 | 205489372 | 第三借阅区/ [索取号:X515/126] | 在馆 |